Responses for Show #9048 - Wednesday, February 28, 2024

2024 Tournament of Champions quarterfinal game 4.

Contestants

[<< previous game]

Yogesh Raut, a social and personality psychologist from Vancouver, Washington

Jake DeArruda, a delivery routing assistant originally from Ludlow, Vermont

Nick Cascone, an orthopedic physician assistant originally from Queens, New York

[next game >>]

Jeopardy! Round responses

SHALL WE DANCE?
ALLITERATIVE PHRASES
THAT'S IN ASIA
THE EMMYS
FEELING CHARITABLE
A LITTLE HISTOR"E"
    $200 30
disco

Jake
    $200 29
class clown

Jake
    $200 28
K2

Jake
    $200 26
Alan Alda

Jake
    $200 27
Make-A-Wish

Nick
    $200 1
Eisenhower

Yogesh
    $400 25
the Lindy Hop for Lindbergh

Yogesh
    $400 21
a selfie stick

Jake
    $400 14
(Jake: What's Petra?)

Amman

JakeYogesh
    $400 24
(Peter) Dinklage

Yogesh
    $400 23
St. Jude

Jake
    $400 8
Enlightenment

Jake
    $600 19
the waltz

Yogesh
    $600 15
laundry list

Triple Stumper
    $600 11
Singapore

Jake
    $600 20
(Ken: Tyne Daly with 4 wins, Sharon Gless with 2.)

Cagney & Lacey

Jake
    $6,600 22
Amnesty International

Jake
    $600 7
(Jake: What's [*]--Uprising?)

the Easter Rising

Jake
    $800 18
(Ken: Not meringue, but [*].)

merengue

Jake
    $800 12
a treasure trove

Yogesh
    $800 10
the Bay of Bengal

Jake
    $800 9
Claire Foy

Yogesh
    $800 17
lymphoma

Nick
    $800 6
the Embargo Act

Jake
    $1000 13
[Ken pronounces it KAH-nee.]
(Nick: What is a tango?)
[ERRATUM: "España cañí" was rendered without the acute accent over the "I", as shown.]

pasodoble

NickJake
    $1000 4
the silver screen

Jake
    $1000 3
Kazakhstan

Triple Stumper
    $1000 2
Ally McBeal

Yogesh
    $1000 16
(Yogesh: Oh, I thought it was wrestling.)
[Laughter]

the WWF (World Wildlife Fund)

Yogesh
    $1000 5
the Etruscans

Nick

Scores at the first commercial break (after clue 15):

Nick Jake Yogesh
$0 $4,800 $3,200

Scores at the end of the Jeopardy! Round:

Nick Jake Yogesh
$1,000 $14,400 $5,600

Double Jeopardy! Round responses

NEW U.S. STAMPS FOR 2024
WOMEN IN LIT
NAME THAT TOMB
BRITISH ACTORS & ACTRESSES
IN THE DICTIONARY
LESSER-KNOWN SCIENCES
    $400 26
the Underground Railroad

Nick
    $400 30
Becky Sharp

Yogesh
    $400 29
(Jake: What's Rio de Janeiro?)

São Paulo

JakeYogesh
    $400 28
Cary Grant

Yogesh
    $400 27
an igloo

Jake
    $400 9
meteorites

Nick
    $800 25
bluegrass

Jake
    $800 24
(Ken: Yes, My [*].)

Ántonia

Yogesh
    $800 22
(Nick: Who is Grant?)

Grant's Tomb

NickYogesh
    $800 23
Dame Helen Mirren

Yogesh
    $800 21
a lectern

Jake
    $800 8
mites

Nick
    $1200 19
the Continental Congress

Yogesh
    $1200 13
Lisbeth Salander

Yogesh
    $5,800 10
(Ken: Cyrus was the Persian king, yes.)

Iran

Nick
    $1200 18
(Ken: Lord Larry, that's right.)

Lord Laurence Olivier

Yogesh
    $1200 20
a cherub

Nick
    $1200 1
bells

Yogesh
    $1600 17
the Pillars of Creation

Yogesh
    $1600 3
(Jake: What is The Handmaid's Tale?)
...
(Ken: Yeah, we needed the sequel.)

The Testaments

JakeYogesh
    $1600 5
Ponce de León

Nick
    $1600 15
Anthony Hopkins

Yogesh
    $10,000 11
(Ken: Nick?)
(Nick: What is an improvisation?)

an impromptu

Nick
    $1600 6
(Ken: Of [*], like Sylvania.)

trees

Triple Stumper
    $2000 16
Bellow

Yogesh
    $2000 2
(Jake: Who is P.D. James?)

Isabel Archer

JakeYogesh
    $2000 4
Sun Yat-sen

Yogesh
    $2000 14
Vanessa Redgrave & Natasha Richardson

Yogesh
    $2000 12
zucchetto

Jake
    $2000 7
radiation

Nick

Scores at the end of the Double Jeopardy! Round:

Nick Jake Yogesh
$2,400 $14,400 $26,800

[wagering suggestions for these scores]

Final Jeopardy! Round responses

1950s POLITICS
(Ken: When Alaska and Hawaii joined the Union in 1959, there was no way to know which of their senators was the [*], so they flipped a coin to determine who was senior and who was junior senator.)
NickWhat is a state senator?
$2,399
JakeWhat is state senator?
$12,401
YogeshWhat is president pro tempore
$2,001
senior senator

Final scores:

Nick Jake Yogesh
$1 $1,999 $24,799
3rd place: $5,000 2nd place: $5,000 Winner: semifinalist

Game dynamics:

Coryat scores:

Nick Jake Yogesh
$7,800 $8,400 $26,800
10 R
(including 1 DD),
3 W
(including 1 DD)
20 R
(including 1 DD),
4 W
26 R,
0 W

Combined Coryat: $43,000

[game clues] [game scores] [suggest correction]

Game tape date: 2024-02-06
The J! Archive is created by fans, for fans. Scraping, republication, monetization, and malicious use prohibited; this site may use cookies and collect identifying information. See terms. The Jeopardy! game show and all elements thereof, including but not limited to copyright and trademark thereto, are the property of Jeopardy Productions, Inc. and are protected under law. This website is not affiliated with, sponsored by, or operated by Jeopardy Productions, Inc. Join the discussion at JBoard.tv.